00489nam a22001457a 4500082001600000100003600016245004700052260003800099300001100137526003700148650001300185942001200198999001900210952011400229 a954.03bWIL aWilson, Frederic William950336 aThe Indian chaoscWilson, Frederic William aLondonbEyre & Spottiswoodec1932 a285.p: a0b0c0d954_030000000000000_WIL aMCE9379 2ddccBK c553060d553060 00102ddc4070aMCEbMCEcArchive Sectiond2015-01-29l0o954.03 WILpMCE-ECI-15r2015-01-29w2015-01-29yBK